| 000 | 01078cam a22003257a 4500 | ||
|---|---|---|---|
| 999 |
_c71211 _d71211 |
||
| 003 | BJBSDDR | ||
| 005 | 20230410124117.0 | ||
| 007 | ta | ||
| 008 | 920618s1985 mx a 000 0 spa | ||
| 020 | _a9688402311 | ||
| 020 | _a9789688402313 | ||
| 040 |
_aDLC _cDLC _bspa |
||
| 041 | _aspa | ||
| 050 | 0 | 0 |
_aHC 79 _bK65r 1985 |
| 100 | 1 |
_aKlimovsky Barón, Edith A. _q(Edith Alicia) |
|
| 245 | 1 | 0 |
_aRenta y ganancia en la economía política clásica / _cEdith A. Klimovsky. |
| 250 | _a1. ed. | ||
| 260 |
_aAzcapotzalco, México : _bUniversidad Autónoma Metropolitana, _c1985. |
||
| 300 |
_a291 p. : _bill. ; _c20 cm. |
||
| 440 | 8 | _aBiblioteca de ciencias sociales y humanidades | |
| 490 | 1 | _aSerie Economía | |
| 650 | 4 |
_918194 _aRenta (Teoría económica) |
|
| 650 | 4 |
_94559 _aDistribución (Teoría económica) |
|
| 650 | 4 |
_918195 _aGanancias |
|
| 653 | 0 |
_aIncome; _aprofit; _aeconomics |
|
| 830 | 0 |
_aEconomía (Azcapotzalco, Mexico City, Mexico) _918193 |
|
| 906 |
_a7 _bcbc _corignew _du _encip _f19 _gy-gencatlg |
||
| 942 |
_2lcc _cBK |
||